Stocks for the long run : (Record no. 14494)

MARC details
000 -LEADER
fixed length control field 01467nam a22003257a 4500
001 - CONTROL NUMBER
control field ENG-90538
005 - DATE AND TIME OF LATEST TRANSACTION
control field 20080625082113.0
006 - FIXED-LENGTH DATA ELEMENTS--ADDITIONAL MATERIAL CHARACTERISTICS--GENERAL INFORMATION
fixed length control field a|||||r|||||00| 0
008 - FIXED-LENGTH DATA ELEMENTS--GENERAL INFORMATION
fixed length control field 071015s2008 nyua | b 001 0 eng
010 ## - LIBRARY OF CONGRESS CONTROL NUMBER
LC control number ENG-90538
020 ## - INTERNATIONAL STANDARD BOOK NUMBER
International Standard Book Number 0070248664
Terms of availability 495.00
035 ## - SYSTEM CONTROL NUMBER
System control number EN-74071
037 ## - SOURCE OF ACQUISITION
Source of stock number/acquisition DBAD / PUB
040 ## - CATALOGING SOURCE
Original cataloging agency DPL
Language of cataloging EN
082 ## - DEWEY DECIMAL CLASSIFICATION NUMBER
Classification number 332.63
100 ## - MAIN ENTRY--PERSONAL NAME
Personal name Siegel, Jeremy J.
245 ## - TITLE STATEMENT
Title Stocks for the long run :
Remainder of title the definitive guide to financial market returns and long-term investment strategies /
Statement of responsibility, etc by Jeremy J. Siegel.
250 ## - EDITION STATEMENT
Edition statement 4th ed.
260 ## - PUBLICATION, DISTRIBUTION, ETC. (IMPRINT)
Place of publication, distribution, etc New Delhi
Name of publisher, distributor, etc Tata McGraw-Hill Publishing
Date of publication, distribution, etc 2008.
300 ## - PHYSICAL DESCRIPTION
Extent xxii, 380 p. :
Other physical details ill. ;
Dimensions 25 cm.
500 ## - GENERAL NOTE
General note Includes bibliographical references and index.
505 ## - FORMATTED CONTENTS NOTE
Formatted contents note Stock and bond returns since 1802 -- Risk, return, and portfolio allocation : why stocks are less risky than bonds in the long-run -- Stock indexes: proxies for the market -- The S&P 500 index: a half-century of U.S. corporate history -- The impact of tax
650 ## - SUBJECT ADDED ENTRY--TOPICAL TERM
Topical term or geographic name as entry element Stocks.
650 ## - SUBJECT ADDED ENTRY--TOPICAL TERM
Topical term or geographic name as entry element Stocks
General subdivision History.
650 ## - SUBJECT ADDED ENTRY--TOPICAL TERM
Topical term or geographic name as entry element Rate of return.
650 ## - SUBJECT ADDED ENTRY--TOPICAL TERM
Topical term or geographic name as entry element Stocks
General subdivision Rate of return.
942 ## - ADDED ENTRY ELEMENTS (KOHA)
Source of classification or shelving scheme Dewey Decimal Classification
Koha item type English Books
Classification part 332.63
Call number suffix SIE
Holdings
Withdrawn status Lost status Damaged status Not for loan Collection code Home library Current library Date acquired Source of acquisition Cost, normal purchase price Total Checkouts Full call number Barcode Date last seen Copy number Cost, replacement price Price effective from Koha item type
      Not For Loan Non-fiction D.B.Act.Division D.B.Act.Division 21/07/2008 DBAD / PUB 495.00   332.63 SIE EN-74071 15/09/2008 1 495.00 15/09/2008 English Books

© Delhi Public Library
Hit Counter
free hit counter